Religion Quiz

Random Religion or Role Quiz

Clicking Gods Quiz Stats

 Plays Quiz Updated Oct 11, 2018

Challenge
Share
Tweet
Embed
Score 0/18 Timer 03:00
9 Plays Today
% Correct
Zeus
89.2%
Poseidon
89.1%
Hades
87.4%
Aphrodite
82.3%
Hermes
75.8%
Hera
75.1%
Dionysus
71.8%
Ares
70.8%
Athena
63.7%
% Correct
Helios
62.9%
Persephone
62.2%
Hephaestus
62.2%
Demeter
59%
Apollo
58.7%
Eros
56.3%
Artemis
53.7%
Hestia
51.9%
Selene
46.3%

You're not logged in!

Compare scores with friends on all Sporcle quizzes.
Join for Free
OR
Log In

You Might Also Like...

Show Comments

Extras

Top Quizzes Today


Score Distribution

Your Account Isn't Verified!

In order to create a playlist on Sporcle, you need to verify the email address you used during registration. Go to your Sporcle Settings to finish the process.

Report this User

Report this user for behavior that violates our Community Guidelines.

Details: